Betrothal in a monastery
Disimpan dalam:
| Pengarang Utama: | |
|---|---|
| Pengarang-pengarang Korporat: | , |
| Pengarang-pengarang Lain: | , , , , , , , , , |
| Format: | Audio |
| Bahasa: | Russian |
| Diterbitkan: |
New York :
Philips Classics,
p1998.
|
| Subjek-subjek: | |
| Penanda-penanda: |
Tambah Penanda
Tiada Penanda, Jadilah orang pertama menanda rekod ini!
|
| LEADER | 02815njm a2200601 a 4500 | ||
|---|---|---|---|
| 001 | 007762529-3 | ||
| 005 | 20100113155801.0 | ||
| 008 | 991111p19981997nyuop dehi rus d | ||
| 024 | 1 | |a 2894621072 | |
| 028 | 0 | 2 | |a 289462107-2 (289 462 108-2--289 462 110-2) |b Philips |
| 028 | 0 | 0 | |a 289 462 108-2 |b Philips |
| 028 | 0 | 0 | |a 289 462 109-2 |b Philips |
| 028 | 0 | 0 | |a 289 462 110-2 |b Philips |
| 028 | 0 | 2 | |a 462107 |b Philips |
| 033 | 0 | 0 | |a 199709-- |b 7004 |c L4 |
| 035 | 0 | |a ocm39694386 | |
| 035 | 1 | |a MAHS99R1781 | |
| 035 | 1 | |z NYCGANN0088R | |
| 040 | |a SXP |c SXP |d NNC |d CStRLIN |d MH-Mu | ||
| 041 | 0 | |d rus |e ruseng |h rus |g eng | |
| 100 | 1 | |a Prokofiev, Sergey, |d 1891-1953. | |
| 240 | 1 | 0 | |a Obruchenie v monastyre |
| 245 | 1 | 0 | |a Betrothal in a monastery |h [sound recording] / |c Prokofiev. |
| 246 | 3 | |i Parallel title on container: |a Verlobung im Kloster | |
| 246 | 3 | |i Parallel title on container: |a Fianc̦ailles au couvent | |
| 260 | |a New York : |b Philips Classics, |c p1998. | ||
| 300 | |a 3 sound discs (153 min., 27 sec.) : |b digital ; |c 4 3/4 in. | ||
| 500 | |a Philips: 289 462 107-2 (289 462 108-2--289 462 110-2). | ||
| 500 | |a Lyrico-comic opera in four acts. | ||
| 546 | |a Sung in Russian. | ||
| 500 | |a Libretto by the composer and Mira Mendelson based on: The Duenna, or, The double elopement / R.B. Sheridan. | ||
| 500 | |a Subtitle: Duenna. | ||
| 511 | 0 | |a Nikolai Gassiev, tenor ; Alexander Gergalov, baritone ; Anna Netrebko, soprano ; Larissa Diadkova, mezzo-soprano ; Evgeny Akimov, tenor ; Marianna Tarassova, mezzo-soprano ; Sergeĭ Alexashkin, bass ; Kirov Opera and Orchestra, St. Petersburg ; Valery Gergiev, conductor. | |
| 500 | |a Ed. recorded: Hamburg : Musikverlag Hans Sikorski. | ||
| 518 | |a Recorded Sept. 1997 at the Mariinsky Theatre, St. Petersburg. | ||
| 500 | |a Compact discs. | ||
| 500 | |a Program notes by Bernard Jacobson and synopsis in English; libretto in Russian (Cyrillic) with English translation on container insert (135 p. : ports.). | ||
| 600 | 1 | 0 | |a Sheridan, Richard Brinsley, |d 1751-1816 |v Musical settings. |
| 650 | 0 | |a Operas. | |
| 700 | 1 | |a Tarasova, Marianna. |4 voc | |
| 700 | 1 | |a Di͡adʹkova, Larisa. |4 voc | |
| 700 | 1 | |a Gergalov, Aleksandr. |4 voc | |
| 700 | 1 | |a Mendelʹson-Prokofʹeva, M. |q (Mira), |d 1915-1968. |4 lbt | |
| 700 | 1 | |a Gassiev, Nikolaĭ, |d 1950- |4 voc | |
| 700 | 1 | |a Akimov, Ė. |q (Ėduard) |4 voc | |
| 700 | 1 | |a Aleksashkin, Sergei, |d 1954- |4 voc | |
| 700 | 1 | |a Netrebko, Anna. |4 voc | |
| 700 | 1 | |a Gergiev, Valeriĭ, |d 1953- |4 cnd | |
| 700 | 1 | |a Sheridan, Richard Brinsley, |d 1751-1816. |t Duenna. | |
| 710 | 2 | |a Leningradskiĭ gosudarstvennyĭ akademicheskiĭ teatr opery i baleta imeni S.M. Kirova. |b Khor. |4 prf | |
| 710 | 2 | |a Leningradskiĭ gosudarstvennyĭ akademicheskiĭ teatr opery i baleta imeni S.M. Kirova. |b Orkestr. |4 prf | |
| 988 | |a 20020608 | ||
| 906 | |0 RLIN | ||


